MDQL
is popping MORE tags! Check the
thread
!
Quizzes
Events
Quiz Creation
Community
Videos
Private Events
Remove Ads
Sign In
Join for FREE
Feedback
Dark Mode
Quiz Categories
Sports
Geography
Music
Movies
Television
Just For Fun
Miscellaneous
History
Literature
Language
Science
Gaming
Entertainment
Religion
Holiday
For Kids
Quiz Lab
Recent
Popular Today
Quiz Kudos Today
Editor Picks
Curator Picks
Quizzes by...
Day
Popularity
Type
Ratings
Length
Year
Community
Subscriptions
Recent Discussions
Orange Saloon
Badges
Playlists
Quests
Create
Leaderboards
Showdown
Live 5
Trivia Bingo
Activity
Puzzle Library
Sporcle Events
Private Events
Virtual Trivia
Globe League
Become a Host
Pub Owners
SporcleCon
Opinionation
Our Games
Videos
Blog
Mobile Apps
Partnerships
Remove Ads and Go Orange
Feedback
Music
Pop Music
The Beatles
Song
Album
Lyrics
Bands
Singers
Artist
Clip
Rock
Rap
Classical
Billboard
Country Music
Kpop
Taylor Swift
Music
Pop Music
The Beatles
Song
Album
Lyrics
Bands
Singers
Artist
Clip
Rock
Rap
Classical
Billboard
Country Music
Kpop
Taylor Swift
Random Quiz
Search Sporcle
×
Quiz Lab
Quiz Lab
Music
Lyrics
Type in answers that appear in a list
Type in answers that appear in a list
Classic
Best Score? Go Orange.
Melanie Martinez - 'Carousel' Lyrics Stats
Can you name the lyrics to 'Carousel' by Melanie Martinez?
By
gabbyxlouise
8m
218 Questions
2,240 Plays
2,240 Plays
2,240 Plays
Comments
Comments
Give Quiz Kudos
Give Quiz Kudos
-
- Ratings
hide this ad
Replay
Link that replays current quiz
Next Quiz
Link to next quiz in quiz playlist
You Got
0%
They Got
Avg Score
87%
Avg Friend Score
Upgrade to see
Score Distribution
Jump to the score distribution portion of the page
Score
0/218
Timer
08:00
2
Plays Today
Lyrics
% Correct
a
99.6%
a
99.6%
a
99.6%
Oh,
99.6%
a
99.6%
a
99.6%
a
99.6%
a
99.6%
a
99.6%
a
99.6%
a
99.6%
[Chorus]
99.6%
****
99.6%
carousel,
98.9%
carousel
98.9%
carousel,
98.9%
carousel
98.9%
and
98.8%
And
98.8%
And
98.8%
and
98.8%
and
98.8%
and
98.8%
And
98.8%
and
98.8%
and
98.8%
And
98.8%
on
98.7%
on
98.7%
on
98.7%
on
98.7%
Round
98.3%
round
98.3%
Round
98.3%
round
98.3%
I
98.1%
I
98.1%
I
98.1%
I
98.1%
I
98.1%
I
98.1%
I
98.1%
I
98.1%
like
97.9%
like
97.9%
like
97.9%
like
97.9%
like
97.9%
like
97.9%
like
97.9%
horse
97.8%
horse
97.8%
horse
97.8%
to
96.8%
to
96.8%
to
96.8%
to
96.8%
to
96.8%
we
96.6%
we
96.6%
go
96.4%
go
96.4%
go
96.4%
you
96.2%
You
96.2%
you
96.2%
you
96.2%
you
96.2%
you
96.2%
You
96.2%
love
95.1%
love
95.1%
love
95.1%
Lyrics
% Correct
love
95.1%
this
94.6%
this
94.6%
this
94.6%
this
94.6%
This
94.6%
this
94.6%
this
94.6%
never
94.2%
never
94.2%
can
93.8%
can
93.8%
tell,
93%
tell,
93%
is
93%
is
93%
is
93%
but
91.8%
But
91.8%
but
91.8%
But
91.8%
I'm
91.6%
I'm
91.6%
I'm
91.6%
I'm
91.6%
I'm
91.6%
the
90.9%
the
90.9%
in
90.8%
in
90.8%
in
90.8%
it
90.6%
Chasing
90.5%
Chasing
90.5%
after
90.3%
after
90.3%
Feel
90.2%
Feel
90.2%
know
90.2%
know
90.2%
fairytale,
90.1%
fairytale,
90.1%
no
89.2%
no
89.2%
glued
87.7%
all
87.7%
all
87.7%
glued
87.7%
all
87.7%
tight
87.3%
tight
87.3%
So
87%
now
86.9%
now
86.9%
now
86.9%
it's
86.6%
It's
86.6%
it's
86.6%
Will
86.2%
Will
86.2%
too
86%
too
86%
up
85.6%
up
85.6%
my
85.3%
my
85.3%
games
85.1%
falls
85.1%
games
85.1%
falls
85.1%
fun
84.9%
back
84.9%
fun
84.9%
Lyrics
% Correct
back
84.9%
ticket
84.5%
ticket
84.5%
somebody
84.3%
somebody
84.3%
'Til
84.3%
'Til
84.3%
ride
84%
ride
84%
catch
83.9%
catch
83.9%
there's
83.7%
there's
83.7%
already
83.2%
already
83.2%
slow
82.9%
be
82.8%
turning
82.5%
turning
82.5%
tall
82%
bought
81.8%
bought
81.8%
freakshow
81.6%
freakshow
81.6%
must
81.2%
We're
81.2%
we're
81.2%
at
80.6%
at
80.6%
carnival
80.2%
carnival
80.2%
Come,
79.7%
come
79.7%
come
79.7%
come
79.7%
close
77.2%
always
75.8%
take
75.4%
hand
75.4%
heart
74.2%
candy
74.1%
cotton
73.5%
playland
72.5%
Why
72.4%
did
72.3%
you've
71.9%
you've
71.9%
Riding,
71.9%
riding,
71.9%
riding
71.9%
stuck,
71.1%
stuck
71.1%
Almost,
71.1%
almost,
71.1%
high,
71%
high,
71%
when
70.6%
one,
70.2%
steal
69%
slot
68.6%
coin
68.3%
through
67.8%
disappear
67.5%
Where'd
66.7%
you're
64.2%
Right,
64%
right
64%
near
63.7%
run
62.7%
threw
61.9%
Houdini,
51.6%
Mr.
49.8%
Quiz Playlist
Details
Report
Send in Message
Add To Playlist
Classic:
Type in answers that appear in a list
Last Updated: Feb 16, 2017
Quiz Scoreboard
CHALLENGE
Sign Up to Join the Scoreboard
Show All
Scores
Hide
Comments
May contain spoilers
Recently Published
1-10 Letter E Words III
by El_Dandy
Language
2m
Street Fighter Characters
by Artimus82
Gaming
60s
College Basketball Coaching Resumes
by pancakes188
Sports
9m
More to Explore
Quiz From the Vault
Featured Blog Post
Where Did the Easter Bunny Come From?
hide this ad
You Might Also Like...
Tags
Lyrics Quiz
Martinez
melanie
Today's Top Quizzes in Music
Browse Music
hide this ad
Today's Top Quizzes in Lyrics
Browse Lyrics
Top Contributed Quizzes in Music
1
Taylor Swift All Songs (2024)
2
Taylor Swift Logic Puzzle
3
Guess the Artist- 70s Songs
4
7-to-1: Billboard Hot 100 #1 Hits of 2010s
5
Sorting Albums and Songs
6
KPOP LOGIC QUIZ
7
Billboard Blitz: Aretha Franklin
8
Guess the Taylor Swift song (Mystery Song)
9
Guess The Taylor Swift Lyrics Song #1
10
Billboard Blitz: ABBA
Explore More
Trending Topics
Crossword
NBA
Harry Potter
Disney
Anime
Marvel
Kpop
WWE
Puzzle
Pokémon
Soccer
Song
The Office
NFL
Country
hide this ad
More By:
gabbyxlouise
Quiz
Plays
Rating
Category
Featured
Created
Taylor Swift - 'Anti-Hero' Lyrics
38,429
4.62
Music
Oct 21, 2022
The Chainsmokers feat. Halsey - 'Closer' Lyrics
11,927
4.89
Music
Aug 11, 2016
Melanie Martinez - 'Pity Party' Lyrics
8,443
5.00
Music
Mar 7, 2016
Ariana Grande - 'Into You' Lyrics
8,163
4.75
Music
Aug 9, 2016
Taylor Swift - 'You're On Your Own, Kid' Lyrics
8,031
5.00
Music
Oct 21, 2022
Go to Creator's Profile
Score Distribution
Quiz Creator Spotlight
gabbyxlouise
Follow
Send a Message
Quizzes Created
-
Created Quiz Play Count
-
More By This Creator
Popular Quizzes Today
1
Find the US States - No Outlines Minefield
2
Find the Countries of Europe - No Outlines Minefield
3
The Countries of the World
4
Find the US States
5
Risky Map Clicking: Biggest States A-Z
6
US States
7
Popular People in 1961
8
Movies - When Are They Set?
More Music Quizzes
Guess the band by starting lineup
Editor's Pick
Trending Quizzes
Risky Map Clicking: Least Populous States A-Z
1-10 Letter G Words
USA Borders Longest to Shortest
1-10 Letter F Words
Countries of the World: 200 Million BC
Recently Updated
Leaping Animals
pecheneg
Reality TV Shows (A-Z)
bhenderson79
Rickey Henderson's Hall of Fame Teammates
pecheneg
Champions League XIs: Arsenal
pecheneg
Quick Pick: Celebrities in WWE's Hall of Fame
aduchscher
A-Z Keypad Blitz II
pecheneg
Multiple Oscar Actors
pecheneg
Mystery Phrase Blitz: Oscar 'Best Actors'
pecheneg
F. Scott Fitzgerald Novels
LTH
Pick 3 Villains
ddd62291
Trending Topics
Crossword
Marvel
Kpop
Harry Potter
Disney
Anime
NBA
NFL
Pokémon
WWE
Soccer
The Office
Song
Puzzle
Country
Your Account Isn't Verified!
In order to create a playlist on Sporcle, you need to verify the email address you used during registration. Go to your
Sporcle Settings
to finish the process.
Report this User
Report this user for behavior that violates our
Community Guidelines
.
Details:
Send Report
Go to the Sporcle.com Mobile Site →
Comments